Music Quiz

Random Music Quiz

Everchanging Lyrics Quiz Stats

 Plays Quiz not verified by Sporcle

Challenge
Share
Tweet
Embed
Score 0/50 Timer 10:00
0 Plays Today
Lyrics Lyrics % Correct
Of...change
95.9%
In...the face
95.1%
And said...i'm not sure anymore
91.8%
Thats when...she turned to me
89.3%
That you...thought would never end
80.3%
And...then of course it did
79.5%
Have you ever...been a part of something
75.4%
Have you ever...felt the weight inside you
68%
And then...something had to give
67.2%
And there...amidst the waves
66.4%
Is...this feeling gone
64.8%
And the...cloudless skies
63.9%
That...blanket
63.1%
Pulling away...inside your skin
62.3%
The...best parts of this have come and gone
62.3%
The...year before
61.5%
I watch...my life wash ashore
61.5%
Now...the lines are drawn
61.5%
With the...reasons clear
54.1%
Always something...in this everchanging life
50.8%
Without...direction full of fear
50%
And now things...will be different
50%
We'll spend...another year
45.9%
And now things...will be different
45.9%
And you...can't leave me
45.1%
Lyrics Lyrics % Correct
If...i'm already gone (repeated)
45.1%
Now...the lines are drawn
43.4%
Is...this feeling gone
43.4%
Without...direction full of fear
43.4%
Speak the words...that keep me coming back to you
43.4%
There's...nothing simple when it comes to you and i
41.8%
The...best parts of this have come and gone
41.8%
And now something...has kept me here too long
41.8%
With the...reasons clear
40.2%
And we...make the same mistakes
40.2%
And now...that is all this is
39.3%
Break...the promises
39.3%
Kill this...slowly fading light
37.7%
And now i'm gone
36.9%
We're...always leaning on
35.2%
Now something...has kept me here too long
35.2%
We're...always hanging on
32.8%
All this time...spent waking up
32.8%
And...there probably always will
32%
Keep this...line open to get this call from you
32%
Now that the...time is getting harder to come by
31.1%
And now...that is all this is
30.3%
Now...this time it's all different
28.7%
We'll...another year
27.9%
The same...arguments are always on our mind
26.2%

You're not logged in!

Compare scores with friends on all Sporcle quizzes.
OR
Log In

You Might Also Like...

Show Comments

Extras

Created Jul 26, 2010SourceReportNominate

Top Quizzes Today


Score Distribution

Your Account Isn't Verified!

In order to create a playlist on Sporcle, you need to verify the email address you used during registration. Go to your Sporcle Settings to finish the process.

Report this User

Report this user for behavior that violates our Community Guidelines.

Details: